On This Day: March 22nd II Quiz Stats

 Plays Quiz Updated Mar 22, 2018

Score 0/7 Timer 03:00
0 Plays Today
Question Answer Wrong Answers
This American movie star, known for starring in films like ‘Mr. Smith Goes to Washington’, flies in his 12th combat mission during WWII, leading the 2nd Bomb Wing in an attack on Berlin.
1944
Jimmy Stewart
80.1%
Clark Gable
5.4%
Cary Grant
7%
Henry Fonda
6.2%
This man, known for his repressive government and cult of personality, is elected General Secretary of the Romanian Communist Party.
1965
Nicolae Ceaușescu
69.6%
Leonid Brezhnev
12.4%
Josip Broz Tito
10%
Pol Pot
5.9%
President Franklin Roosevelt signs an amendment to the ______, legalizing the manufacture and sale of low alcohol beers and light wines.
1933
Volstead Act
65.9%
Kinkaid Act
10.8%
Elkins Act
7.2%
Rogers Act
15%
This man becomes the first US Secretary of State under President George Washington.
1790
Thomas Jefferson
61.9%
John Adams
16.5%
James Madison
13.9%
James Monroe
7.3%
Arthur Leonard Schawlow and Charles Hard Townes receive the first patent for a ______, with the name coming from an acronym.
1960
Laser
59.3%
Radar
26.3%
Computer
7.5%
Vacuum
5.1%
Russian Cosmonaut Valeri Polyakov returns to earth after spending a record ______ continuous days in space.
1995
438
54%
47
7.5%
152
13.8%
214
22.2%
This historic object, considered a source of protection for the Kingdom of Thailand, is moved with great ceremony to its current location in Wat Phra Kaew.
1784
Emerald Buddha
53%
Pink Buddha
14.4%
Buddha Stone
27.7%
Buddha Chalice
4.7%

You're not logged in!

Compare scores with friends on all Sporcle quizzes.
OR
Log In

Sporcle TV

Today on Sporcle TV


Watch our educational content, quiz creation guides, and fun videos on Sporcle TV.

Show Comments

Extras

Top Quizzes Today


Score Distribution

Your Account Isn't Verified!

In order to create a playlist on Sporcle, you need to verify the email address you used during registration. Go to your Sporcle Settings to finish the process.

Report this User

Report this user for behavior that violates our Community Guidelines.

Details: